Women in space : (Record no. 590762)
[ view plain ]
| 000 -LEADER | |
|---|---|
| fixed length control field | 02337cam a2200349 i 4500 |
| 001 - CONTROL NUMBER | |
| control field | 17793422 |
| 003 - CONTROL NUMBER IDENTIFIER | |
| control field | NUST |
| 005 - DATE AND TIME OF LATEST TRANSACTION | |
| control field | 20220827174628.0 |
| 008 - FIXED-LENGTH DATA ELEMENTS--GENERAL INFORMATION | |
| fixed length control field | 130627s2014 ilua j b 001 0ceng |
| 010 ## - LIBRARY OF CONGRESS CONTROL NUMBER | |
| LC control number | 2013024950 |
| 020 ## - INTERNATIONAL STANDARD BOOK NUMBER | |
| International Standard Book Number | 9781613748442 |
| 038 ## - RECORD CONTENT LICENSOR | |
| Staff Name | Azhar |
| 040 ## - CATALOGING SOURCE | |
| Original cataloging agency | DLC |
| Language of cataloging | eng |
| Transcribing agency | DLC |
| Description conventions | rda |
| Modifying agency | DLC |
| 042 ## - AUTHENTICATION CODE | |
| Authentication code | pcc |
| 050 00 - LIBRARY OF CONGRESS CALL NUMBER | |
| Classification number | TL793 |
| Item number | .G457 2014 |
| 082 00 - DEWEY DECIMAL CLASSIFICATION NUMBER | |
| Classification number | 629.45009252 |
| Edition number | 23 |
| Author Mark | GIB |
| 100 1# - MAIN ENTRY--PERSONAL NAME | |
| Personal name | Gibson, Karen Bush. |
| 9 (RLIN) | 96353 |
| 245 10 - TITLE STATEMENT | |
| Title | Women in space : |
| Remainder of title | 23 stories of first flights, scientific missions, and gravity-breaking adventures |
| Statement of responsibility, etc. | Karen Bush Gibson. |
| 260 ## - PUBLICATION, DISTRIBUTION, ETC. | |
| Place of publication, distribution, etc. | Chicago, Illinois : |
| Name of publisher, distributor, etc. | Chicago Review Press, Incorporated, |
| Date of publication, distribution, etc. | 2014 |
| 300 ## - PHYSICAL DESCRIPTION | |
| Extent | 234 pages : |
| Other physical details | illustrations ; |
| Dimensions | 23 cm |
| 336 ## - CONTENT TYPE | |
| Content type term | text |
| Source | rdacontent |
| 337 ## - MEDIA TYPE | |
| Media type term | unmediated |
| Source | rdamedia |
| 338 ## - CARRIER TYPE | |
| Carrier type term | volume |
| Source | rdacarrier |
| 504 ## - BIBLIOGRAPHY, ETC. NOTE | |
| Bibliography, etc. note | Includes bibliographical references( pages 221-227) and index. |
| 505 0# - FORMATTED CONTENTS NOTE | |
| Formatted contents note | The Mercury 13 : the astronauts who never were -- Cosmonauts : Valentina Tereshkova : first in space -- Svetlana Savitskaya : no apron for her -- Elena Kondakova : long-duration stay -- Yelena Serova : ready and waiting -- American women join the space race -- Sally Ride : first American woman in space -- Judith Resnik : all she ever wanted to do -- Kathryn Sullivan : a walk into history -- Shannon Lucid : a Russian favorite -- Mae Jemison : doctor astronaut -- Ellen Ochoa : career astronaut -- Eileen Collins : space shuttle commander -- Catherine (Cady) Coleman : musical astronaut -- Pamela Melroy : piloting in space -- Peggy Whitson : space station commander -- Sunita Williams : breaking records -- Barbara Morgan : teachers in space -- World astronauts -- Roberta Bondar : living a childhood dream -- Chiaki Mukai : opening doors -- Claudie Haigner : French astronaut and Soyuz commander -- Yi Soyeon : first Korean in space -- Kalpana Chawla : a tragic end -- Liu Yang : a flying knight in space -- Samantha Cristoforetti : military pilot astronaut -- The future of spaceflight. |
| 521 1# - TARGET AUDIENCE NOTE | |
| Target audience note | 12+ |
| 650 #0 - SUBJECT ADDED ENTRY--TOPICAL TERM | |
| Topical term or geographic name entry element | Women astronauts |
| Form subdivision | Biography |
| -- | Juvenile literature. |
| 9 (RLIN) | 96354 |
| 650 #0 - SUBJECT ADDED ENTRY--TOPICAL TERM | |
| Topical term or geographic name entry element | Women in astronautics |
| Form subdivision | Juvenile literature. |
| 9 (RLIN) | 96355 |
| 906 ## - LOCAL DATA ELEMENT F, LDF (RLIN) | |
| a | 7 |
| b | cbc |
| c | orignew |
| d | 1 |
| e | ecip |
| f | 20 |
| g | y-gencatlg |
| 942 ## - ADDED ENTRY ELEMENTS (KOHA) | |
| Source of classification or shelving scheme | |
| Koha item type | Lincoln Corner |
| Withdrawn status | Lost status | Source of classification or shelving scheme | Damaged status | Not for loan | Permanent Location | Current Location | Shelving location | Date acquired | Full call number | Barcode | Date last seen | Price effective from | Koha item type |
|---|---|---|---|---|---|---|---|---|---|---|---|---|---|
| Central Library (CL) | Central Library (CL) | Lincoln Corner | 08/02/2022 | 629.45009252 GIB | LC-34 | 08/02/2022 | 08/02/2022 | Reference |
